| 000 | 00993cam a22002294a 4500 | ||
|---|---|---|---|
| 999 |
_c58086 _d58086 |
||
| 001 | 14891973 | ||
| 005 | 20210610142512.0 | ||
| 008 | 070614s2015 cau b 001 0 eng | ||
| 020 | _a9781634503549 | ||
| 041 | _aeng | ||
| 080 | _a376(73) P-61 | ||
| 100 | 1 |
_aPierangelo, Roger. _912010 |
|
| 245 | 1 | 0 |
_aUnderstanding assessment in the special education process : _ba step-by-step guide for educators / _cRoger Pierangelo, George Giuliani. |
| 264 |
_aNew York : _bSkyhorse Publishing, _c2015. |
||
| 300 |
_a120 p. ; _c26 cm. |
||
| 653 | _aშეზღუდული შესაძლებლობის მქონე ბავშვები | ||
| 653 | _aДети с ограниченными возможностями | ||
| 653 | _aსწავლების პროცესი კლასში | ||
| 700 | 1 |
_aGiuliani, George A., _d1938- _eავტორი _912011 |
|
| 856 | 4 | 1 |
_3Table of contents _uhttp://www.loc.gov/catdir/toc/fy0803/2007023439.html |
| 942 |
_2udc _cBK |
||